00273nam a2200097Ia 4500008004100000082001500041100002000056245004300076260004700119300000900166210430s9999 xx 000 0 und d a297 H968 T aIqbal S.Hussain aTerrorism In Action /cIqbal S.Hussain aLahore London, BonnbIqbal S.hussainc2003 a381p